BIBLIOTHÈQUE DE LA MAISON DU MEXIQUE

Logo 1 Logo 2

Apuntes para una historia de la publicidad en la ciudad de México (notice nᵒ 6574)

détails MARC
000 -Sello discográfico
campo de control de longitud fija 00858nam a2200277 4500
005 - Identificación de versión
campo de control 20251016084704.0
099 ## - fechas locales
Tipo de ítem Koha LIBRO
100 ## - Datos de procesamiento general
Datos de procesamiento general 20230630d1968 m y1spay5003 ba
105 ## - Campo de datos codificados: Material textual, monográfico
Datos codificados de monografía a 001zy
200 1# - Título y mención de responsabilidad
Título propio Apuntes para una historia de la publicidad en la ciudad de México
Designación general del material texto impreso
Primer mención de responsabilidad Salvador Novo
205 ## - Declaración de edición
Declaración de edición 1a ed
210 ## - Publicación, distribución, etc.
Lugar de publicación, distribución, etc. México
Nombre del editor, distribuidor, etc. Organización Editorial Novaro
Fecha de publicación, distribución, etc. 1968
215 ## - Descripción física
Designación de material específico y extensión del ítem 149 p
Otras características físicas il.
Dimensiones 21 cm
345 ## - Nota de información de adquisición
Fuente de adquisición/dirección de la suscripción [OBSOLETO] Donación
410 #1 - Series
Título Temas de Nuestro Tiempo
Número de volumen 3
606 ## - Término temático usado como materia
Elemento de entrada Publicidad
Subdivisión geográfica Ciudad de México
Subdivisión temática Historia
Número Koha 12483
660 ## - Código de área geográfica
Código MX
700 ## - Nombre personal - Responsabilidad primaria
Elemento de entrada Novo López
Parte del nombre distinta del elemento de entrada Salvador
Fechas 1904-1974
Número Koha 2007
801 #0 - Fuente de origen
País FR
Agencia cm
Reglas de catalogación (convenciones descriptivas) AFNOR
900 ## -
-- 1/22140
900 ## -
-- 7100417642\080104
942 ## - ELEMENTOS DE ENTRADA SECUNDARIOS (KOHA)
Tipo de ítem Koha Livre
996 ## -
-- MEX
-- 751145101
-- MMAG
-- 008128
-- 659.1 N93A
-- 20230630LIV
Exemplaires
Estatus retirado Estado de daño Estado de pérdida Fecha de adquisición Biblioteca de origen Biblioteca actual Ubicación en estantería Código de barras Precio de reemplazo Signatura topográfica completa No para préstamo Tipo de ítem Koha Nota pública Nota no pública
      05/08/2025 Casa México Paris Casa México Paris   008128 05/08/2025 659.1 N93A   Livre 20230630LIV 751145101